000 00814nam a2200253Ia 4500
003 OSt
005 20220918171449.0
006 a|||||r|||| 00| 0
007 ta
008 220917b |||||||| |||| 00| 0 eng d
020 _a9781839090943 (hbk)
_cUKP 70.00
024 _a354,874
037 _b62535, 14/12/2021, Segment Book Distributors
_cTextual
040 _aARTS
_cARTS
_beng
041 _2eng
_aeng
082 _aX:9, R0
100 _aSwailes Stpehen Ed.
_936776
245 0 _aManaging talent
_b a critical appreciation
260 _aBingley
_bEmerald Publishing Ltd. UK
_c2020
300 _axvi,165p.
_ccm.
650 _aECONOMICS; PERSONNEL MANAGEMENT
_933128
942 _hX:9, R0
_cTEXL
_2CC
999 _c139688
_d139688